Normal view
MARC view
Entry Personal Name
001 - CONTROL NUMBER
- control field: 16949
003 - CONTROL NUMBER IDENTIFIER
- control field: BD-RjUL
005 - DATE AND TIME OF LATEST TRANSACTION
- control field: 20250925125222.0
008 - FIXED-LENGTH DATA ELEMENTS
- fixed length control field: 250925|| aca||aabn | a|a d
040 ## - CATALOGING SOURCE
- Original cataloging agency: BD-RjUL
- Transcribing agency: BD-RjUL
100 ## - HEADING--PERSONAL NAME
- Personal name: Sivaramakrishnan, K. C.
- Fuller form of name: (Kallidaikurichi Chidambarakrishnan),
- Dates associated with a name: 1935-2015
670 ## - SOURCE DATA FOUND
- Source citation: Work cat.: (BD-RjUL)85750: Sivaramakrishnan, K. C. (Kallidaikurichi Chidambarakrishnan), 1935-2015., Metropolitan management :, 1986.